Khutbat-e-Seerat/ (Record no. 34822)
[ view plain ]
| 000 -LEADER | |
|---|---|
| fixed length control field | 00428nam a22001577a 4500 |
| 005 - DATE AND TIME OF LATEST TRANSACTION | |
| control field | 20240611144737.0 |
| 008 - FIXED-LENGTH DATA ELEMENTS--GENERAL INFORMATION | |
| fixed length control field | 231207b |||||||| |||| 00| 0 eng d |
| 082 ## - DEWEY DECIMAL CLASSIFICATION NUMBER | |
| Classification number | 297.37 |
| Item number | SAL-S |
| 100 ## - MAIN ENTRY--AUTHOR | |
| Author Name | Zahoor,Azhar |
| 245 ## - TITLE STATEMENT | |
| Title | Khutbat-e-Seerat/ |
| Remainder of title | Seerat Lectures/ |
| Statement of responsibility, etc. | Prof Dr.Zahoor Ahmad Azhar |
| 260 ## - PUBLICATION, DISTRIBUTION, ETC. | |
| Place of Publication | Faisalabad; |
| Name of publisher, distributor, etc. | Al-Baghdad Printers; |
| 300 ## - PHYSICAL DESCRIPTION | |
| Pages | 157 p.: |
| 650 ## - SUBJECT ADDED ENTRY--TOPICAL TERM | |
| Subject / Department | Religion/Islam |
| 300 ## - PHYSICAL DESCRIPTION | |
| -- | 20.7 cm. |
| 952 ## - LOCATION AND ITEM INFORMATION (KOHA) | |
| -- | 0 |
| -- | 0 |
| Lost status | Damaged status | Collection code | Permanent Location | Current Location | Shelving Location | Date acquired | Full Call Number | Accession No./Barcode | Date last seen | item type | Koha item type |
|---|---|---|---|---|---|---|---|---|---|---|---|
| Literature/Urdu/eng/Islamic | Superior Information Resource Center (SIRC) Superior University - City Campus | Superior Information Resource Center (SIRC) Superior University - City Campus | Islamic Studies | 12/07/2023 | 297.37 SAL-S | 28223 | 12/07/2023 | BOOK | BOOK |
